Southville International School and Colleges
Your cart is empty.
  • Cart
  • Lists
    Public lists Eva Luna New books Lux_list list_1
    Your lists Log in to create your own lists
  • Log in to your account
  • Your cookies
  • Search history
Southville International School and Colleges
  • Advanced search
  • Recent comments
  • Most popular
  • Libraries

Log in to your account

Log in with GOOGLE


If you do not have an external account, but do have a local account, you can still log in:

  1. Home
  2. MARC view: Whales and other creatures of the sea /
Normal view MARC view ISBD view

Whales and other creatures of the sea / (Record no. 102277)

[ view plain ]
MARC details
000 -LEADER
fixed length control field 00531nam a2200181 a 4500
005 - DATE AND TIME OF LATEST TRANSACTION
control field 20140412111233.0
008 - FIXED-LENGTH DATA ELEMENTS--GENERAL INFORMATION
fixed length control field 001120s19uu xx 00 eng d
020 ## - INTERNATIONAL STANDARD BOOK NUMBER
International Standard Book Number 0-679-83899-6
050 ## - LIBRARY OF CONGRESS CALL NUMBER
Classification number ER
Item number Wh55 1993
100 ## - MAIN ENTRY--PERSONAL NAME
Personal name Milton, Joyce
245 ## - TITLE STATEMENT
Title Whales and other creatures of the sea /
Statement of responsibility, etc by Joyce Milton ; illustrated by Jim Deal.
260 ## - PUBLICATION, DISTRIBUTION, ETC. (IMPRINT)
Place of publication, distribution, etc New York :
Name of publisher, distributor, etc Random House,
Date of publication, distribution, etc 1993.
300 ## - PHYSICAL DESCRIPTION
Extent 30 ; col. ; ill.
440 ## - SERIES STATEMENT/ADDED ENTRY--TITLE
Title A Random House picture back
650 ## - SUBJECT ADDED ENTRY--TOPICAL TERM
Topical term or geographic name as entry element Marine animals
650 ## - SUBJECT ADDED ENTRY--TOPICAL TERM
Topical term or geographic name as entry element Whales
Holdings
Withdrawn status Lost status Damaged status Use restrictions Home library Current library Shelving location Date acquired Source of acquisition Total Checkouts Full call number Barcode Date last seen Price effective from Koha item type
        Elizalde Library Elizalde Library Easy Reading Section 11/20/2000     ER Wh55 1993 E1096 04/12/2014 04/12/2014 Books

Whales and other creatures of the sea /

APA

Milton J., . (1993). Whales and other creatures of the sea. New York: Random House.

Chicago

Milton Joyce, . 1993. Whales and other creatures of the sea. New York: Random House.

Harvard

Milton J., . (1993). Whales and other creatures of the sea. New York: Random House.

MLA

Milton Joyce, . Whales and other creatures of the sea. New York: Random House. 1993.

  • Place hold
  • Print
  • Cite
  • Add to your cart (remove)
  • Save record
    BIBTEX Dublin Core MARCXML MARC (non-Unicode/MARC-8) MARC (Unicode/UTF-8) MARC (Unicode/UTF-8, Standard) MODS (XML) RIS
  • More searches
    Search for this title in:
    Other Libraries (WorldCat) Other Databases (Google Scholar) Online Stores (Bookfinder.com) Open Library (openlibrary.org)

Exporting to Dublin Core...

SOUTHVILLE LIBRARY

Southville International School and Colleges Library

1281 Tropical Ave. Cor. Luxembourg St., BF Homes International, Las Pinas City

Tel. No. 8256374 / 252358 Loc. 117/146

Powered by Koha